000
00264nam a22001217a 4500
003
SGT
082
_a
616.0757
_b
C14L
100
_a
LAKHKAR,BHUSHAN
245
_a
CONCISE RADIOLOGY FOR UNDERGRADUATES
260
_a
INDIA
_b
APC
_c
2014
300
_a
156
942
_2
ddc
_c
BK
999
_c
14181
_d
14181